|
|
|
|
| LEADER |
02246nam a22003857a 4500 |
| 001 |
44980 |
| 003 |
BD-DhAAL |
| 005 |
20251026132504.0 |
| 008 |
251026t2024 bg ||||| |||| 00| 0dben d |
| 020 |
|
|
|a 9789849891505 (hardcover)
|
| 040 |
|
|
|a BD-DhAAL
|c BD-DhAAL
|
| 041 |
|
|
|a ben
|
| 082 |
|
|
|a 891.4487109
|2 23
|
| 245 |
|
|
|a অতীত থেকে অধুনা :
|b বাংলাদেশের নারী লেখক /
|c সম্পাদক, নিয়াজ জামান এবং অন্যান্য.
|
| 246 |
3 |
1 |
|a Ateet theke adhuna :
|b Bangladesher nari lekhok
|
| 260 |
|
|
|a ঢাকা :
|b পাঞ্জেরী পাবলিকেশন্স,
|c ২০২৪.
|
| 300 |
|
|
|a ৫৭৬ পৃষ্ঠা ;
|c ২১ সে.মি.
|
| 500 |
|
|
|a প্রথম প্রকাশ
|
| 526 |
|
|
|a ENH
|x Sabreena Ahmed, PhD
Associate Professor
Department of English and Humanities
BRAC University
Course Name : N/A
|
| 541 |
|
|
|a Karim International
|e 44980
|
| 650 |
|
|
|a Women authors, Bengali
|z Bangladesh
|v Biography.
|9 46641
|
| 650 |
|
|
|a Authors, Bengali
|z Bangladesh
|v Biography.
|
| 651 |
|
|
|a Bangladesh
|x Intellectual life.
|
| 700 |
|
|
|a জামান, নিয়াজ,
|e সম্পাদক.
|9 59728
|
| 700 |
|
|
|a আখতার, সৌদা,
|e সম্পাদক.
|9 59729
|
| 700 |
|
|
|a খান, রাজিয়া সুলতানা,
|e সম্পাদক.
|9 59730
|
| 700 |
|
|
|a পারভীন, আফরোজা,
|e সম্পাদক.
|9 28875
|
| 700 |
|
|
|a রহমান, ঝর্না,
|e সম্পাদক.
|9 59731
|
| 700 |
|
|
|a কবীর, জ্যাকী,
|e সম্পাদক.
|9 59732
|
| 700 |
|
|
|a কামরুন নাহার, নূর,
|e সম্পাদক.
|9 59733
|
| 700 |
|
|
|a রহমান, মর্জিয়া,
|e সম্পাদক.
|9 59734
|
| 852 |
|
|
|a Ayesha Abed Library
|c General Stacks
|
| 942 |
|
|
|c BK
|2 ddc
|
| 999 |
|
|
|c 47607
|d 47607
|
| 952 |
|
|
|0 0
|1 0
|2 ddc
|4 0
|6 891_448710900000000_ATE
|7 0
|9 78397
|a BRACUL
|b BRACUL
|c NEW
|d 2025-10-21
|e Karim International
|g 1087.00
|l 0
|o 891.4487109 ATE
|p 3010044980
|r 2025-10-21
|t 1
|v 2174.00
|w 2025-10-21
|y BK
|x Requisitioned by Sabreena Ahmed (Associate Professor, Department of English and Humanities, BRAC University).
|